000 00980nac a22002897a 4500
001 BR7906308
003 BR-BrBNA
005 20240105114515.0
008 230509b bl.|||m| |||| 00| 0 por d
040 _aBR-BrBNA
_bpor
_cBiblioteca Nacional de Agricultura
072 _aF00; L30
090 _a1940 BR7906308
100 1 _aMonteiro, I.D.
100 1 _aFernandes, G.B.
110 1 _aEmpresa de Pesquisa Agropecuaria da Bahia, Salvador (Brasil)
_94095
245 1 _aProdutividade e valor nutritivo de cultivares e hibridos de sorgos forrageiros [Sorghum]
260 3 _aSalvador, BA (Brasil):
_c1979.
300 _a23 p.
490 _aComunicado Tecnico - Empresa de Pesquisa Agropecuaria da Bahia (Brazil)
_vno. 39
_xISSN 0100-4816
500 _a14 tables; 7 ref.
650 _aProducao vegetal
650 _aNutricao animal
650 _aSorgo forrageiro
650 _aValor nutritivo
909 _a202312
_bLúcia Elande
_c55
_dLúcia Elande
942 _2AGRIS
_n0
_cMS
999 _c269741
_d269741